|
|
|
|
| LEADER |
00998nam a2200217 a 4500 |
| 001 |
12514 |
| 008 |
130617s1998 ii a 001 0 eng d |
| 020 |
|
|
|a 8125905294
|
| 040 |
|
|
|a BD-DhAAL
|c BD-DhAAL
|
| 082 |
0 |
0 |
|a 158.2
|2 22
|
| 100 |
1 |
|
|a Saluja, Madan
|
| 245 |
1 |
0 |
|a Human relations :
|b a practical guide to improve inter-personal skills /
|c Madan Saluja
|
| 260 |
|
|
|a New Delhi :
|b Vikas Pub. House, 1998.
|
| 300 |
|
|
|a xxii, 162 p. :
|b ill.
|c 22 cm.
|
| 504 |
|
|
|a Includes index.
|
| 541 |
|
|
|e 12514
|
| 650 |
|
0 |
|a Interpersonal relations
|
| 852 |
1 |
|
|a Ayesha Abed Library
|j General shelf.
|
| 999 |
|
|
|c 13586
|d 13586
|
| 952 |
|
|
|0 0
|1 0
|2 ddc
|4 0
|6 158_200000000000000_SAL
|7 0
|9 22735
|a BRACUL
|b BRACUL
|c GEN
|d 2013-06-17
|l 3
|m 52
|o 158.2 SAL
|p 3010012514
|r 2022-09-08
|s 2022-08-23
|t 1
|w 2013-06-17
|y BK
|x Price not available in Register
|
| 952 |
|
|
|0 0
|1 0
|2 ddc
|4 0
|6 158_200000000000000_SAL
|7 0
|9 22736
|a BRACUL
|b BRACUL
|c GEN
|d 2013-06-17
|l 5
|m 21
|o 158.2 SAL
|p 3010012645
|r 2026-03-29
|s 2026-01-31
|t 2
|w 2013-06-17
|y BK
|x Price not available in Register
|